00576 2200205 4500001002100000005001700021008004100038020001800079035002500097040001200122082001100134084001700145100001800162245004900180260004200229300003100271650004000302850001200342990001600354INLIS00000000000829620150728110858.0  a979-22-1165-9 a0010-071500000000979 aYOPDYOG a747.75 a747.75 Akm M aAkmal, Imelda aMenata rumah dengan estetika /cImelda Akmal aJakartabGramedia Pustaka Utamac2005 a176 hlm. :bilus. ;c23 cm aArsitektur - Desain dan Perencanaan aYOPDYOG a543-PK/B.07